000
00289nam a22001097a 4500
003
NUST
005
20260219105401.0
082
_a
297.122,BUL
100
_a
Balgrami, Syed Hamid Hasan
_9
133329
245
_a
Fuyooz ul Quran فیوض القران /
_c
Syed Hamid Hasan Balgrami
942
_2
ddc
_c
BK
999
_c
616309
_d
616309